00487nam a22001697a 450000500170000001000150001702000260003203500140005803700130007208200080008524500600009325000100015326000340016327000900019730000220028776000080030920230329171338.0 aENG-136553 a9789355297594c395.00 aEN-120085 bDBAD/PUB a881 aSelected Lyrics Of Giewec Poets /cEdit By Ajit Bishnoi aFirst aNew Delhi bAuthorpressc2022 aQ-2A, Hauz Khas Enclave bNew Delhi e110016mauthorspressgroup@gmail.comk9818049852 a172p.;c23cm(pbk) b6th